| 000 | 00592nam a2200181 a 4500 | ||
|---|---|---|---|
| 001 | 000021240 | ||
| 005 | 20200930011253.0 | ||
| 008 | 100902s1972 ve a r 001 0 spa d | ||
| 040 |
_aDO-SdBNP _bspa _cBNPHU |
||
| 082 |
_annnn _bP438c |
||
| 100 | 1 |
_aPérez Tenreiro, Tomás, _944392 |
|
| 245 | 1 | 0 |
_aCondecoraciones venezolanas / _cTomás Pérez Tenreiro. |
| 260 |
_aCaracas : _bMonte Ávila, _c1972. |
||
| 300 |
_a79, [13] p. : _bil. ; _c16 cm. |
||
| 490 | 0 |
_aBiblioteca popular el dorado _v59 |
|
| 500 | _aIncluye índice de la colección | ||
| 830 | 0 |
_aBiblioteca popular el dorado , _n59 _944393 |
|
| 999 |
_c20741 _d20741 |
||